From Banking to Sovereign Stress : Implications For Public Debt.

This paper explores how banking sector developments and characteristics influence the propagation of risks from the banking sector to sovereign debt, including how they affect the extent of fiscal costs of banking crises when those occur. It then proposes practices and policies for the fiscal author...

Descripción completa

Detalles Bibliográficos
Autor Corporativo: International Monetary Fund
Formato: Revista
Lenguaje:English
Publicado: Washington, D.C. : International Monetary Fund, 2014.
Colección:Policy Papers; Policy Paper ; No. 2014/092
Acceso en línea:Full text available on IMF
LEADER 01390cas a2200241 a 4500
001 AALejournalIMF020586
008 230101c9999 xx r poo 0 0eng d
020 |c 5.00 USD 
020 |z 9781498342438 
022 |a 2663-3493 
040 |a BD-DhAAL  |c BD-DhAAL 
110 2 |a International Monetary Fund. 
245 1 0 |a From Banking to Sovereign Stress :   |b Implications For Public Debt. 
264 1 |a Washington, D.C. :  |b International Monetary Fund,  |c 2014. 
300 |a 1 online resource (87 pages) 
490 1 |a Policy Papers 
500 |a <strong>Off-Campus Access:</strong> No User ID or Password Required 
500 |a <strong>On-Campus Access:</strong> No User ID or Password Required 
506 |a Electronic access restricted to authorized BRAC University faculty, staff and students 
520 3 |a This paper explores how banking sector developments and characteristics influence the propagation of risks from the banking sector to sovereign debt, including how they affect the extent of fiscal costs of banking crises when those occur. It then proposes practices and policies for the fiscal authorities to help manage the risks and enhance crisis preparedness. 
538 |a Mode of access: Internet 
830 0 |a Policy Papers; Policy Paper ;  |v No. 2014/092 
856 4 0 |z Full text available on IMF  |u http://elibrary.imf.org/view/journals/007/2014/092/007.2014.issue-092-en.xml  |z IMF e-Library